Normal view
MARC view
- Mohsin,Usama
Entry Personal Name
001 - CONTROL NUMBER
- control field: 5152
003 - CONTROL NUMBER IDENTIFIER
- control field: NUST
005 - DATE AND TIME OF LATEST TRANSACTION
- control field: 20171002165825.0
008 - FIXED-LENGTH DATA ELEMENTS
- fixed length control field: 171002|| aca||aabn | a|a d
040 ## - CATALOGING SOURCE
- Original cataloging agency: NUST
- Transcribing agency: NUST
100 ## - HEADING--PERSONAL NAME
- Personal name: Mohsin,Usama
670 ## - SOURCE DATA FOUND
- Source citation: Work cat.: (NUST): Mohsin,Usama, Relationship between crime and output in the presence of political instability , 2017
